| 000 | 00444nam a2200169Ia 4500 | ||
|---|---|---|---|
| 008 | 220531s9999 xx 000 0 und d | ||
| 041 | _amar | ||
| 100 |
_aदाभोलकर नरेंद्र _942350 |
||
| 245 | _aलढे अंधश्रदधेचे | ||
| 250 | _a1ST | ||
| 260 |
_bChhaya _c1995 |
||
| 300 | _a279 | ||
| 542 | _d25-07-2000 | ||
| 650 |
_aSociology _942351 |
||
| 906 |
_d2000-2001 _f7630 |
||
| 999 |
_c25261 _d25261 |
||